00577 2200217 4500001002100000005001500021035002000036007000300056008004100059020001800100082001000118084001600128100001900144245005200163250001000215260004100225300003100266650002400297504002900321990000900350INLIS00000000000250920181206032211 a0010-1218000068ta181206 g 0 ind  a979-9483-98-0 a306.3 a306.3 SJA p0 aSJAFRI, sairin1 aPengantar Antropologi Ekonomi /cSJAFRI, sairin acet.1 aYogyakarta :bPustaka Pelajar,c2002 avii, 268 hlm ;c14 x 21 cm aANTROPOLOGI EKONOMI aBibliografi; hlm 257-267 a4127